000 00510nam a2200205Ia 4500
005 20240823033036.0
008 240823s9999||||xx |||||||||||||| ||und||
020 _a81-239-0992-6
041 _aENGLISH
082 _A620.11 Q0
100 _aAparna Gupta
245 0 _aMaterial Science for Engineers
250 _a1st
260 _c2010
_b"CBS Publishers & Distributors,New "
500 _aYES
650 _aMaterials Science
_bMechanical
700 _a Santosh Kumar
942 _cBK
999 _c194870
_d194870